Budoucnost příspěvkových organizací aneb jak dál v řízení letového provozu v ČR?
Postavenie podniku Řízení letového provozu (ŘLP) na českom trhu. Ponuka služieb ŘLP charakteru prirodzeného monopolu. Otázky kalkulácie cien za navigačné služby. Otázky ziskovosti, investícií, daní z príjmov a organizačno-právnej formy ŘLP. Fungovanie podniku leteckej prevádzky v SRN a na Novom Zéla...
Guardado en:
| Autor principal: | |
|---|---|
| Formato: | Capítulo de libro |
| Lenguaje: | checo |
| Materias: | |
| Etiquetas: |
Sin Etiquetas, Sea el primero en etiquetar este registro!
|
MARC
| LEADER | 00000naa a2200000 4500 | ||
|---|---|---|---|
| 001 | r023938 | ||
| 005 | 20221205090559.7 | ||
| 041 | 0 | |a cze | |
| 044 | |a CZ | ||
| 245 | 1 | 0 | |a Budoucnost příspěvkových organizací aneb jak dál v řízení letového provozu v ČR? |c L. Hlinovský |
| 520 | |a Postavenie podniku Řízení letového provozu (ŘLP) na českom trhu. Ponuka služieb ŘLP charakteru prirodzeného monopolu. Otázky kalkulácie cien za navigačné služby. Otázky ziskovosti, investícií, daní z príjmov a organizačno-právnej formy ŘLP. Fungovanie podniku leteckej prevádzky v SRN a na Novom Zélande. | ||
| 610 | 2 | 0 | |a organizácie príspevkové |
| 610 | 2 | 0 | |a prevádzka dopravy |
| 610 | 2 | 0 | |a služby |
| 610 | 2 | 0 | |a letiská |
| 610 | 2 | 0 | |a monopoly prirodzené |
| 610 | 2 | 0 | |a Česko |
| 610 | 2 | 0 | |a Řízení letového provozu Praha |
| 610 | 2 | 0 | |a Nemecko |
| 610 | 2 | 0 | |a Nový Zéland |
| 100 | 1 | |a Hlinovský, L. | |